Practice nurse handbook /

There have been major advances in practice nursing in recent years, and a rapid expansion in the role of the practice nurse. The Practice Nurse Handbook is an essential guide to all aspects of clinical practice, health promotion, and practice management, for nurses in general practice. The handbook...

Full description

Bibliographic Details
Main Author: Hampson, Gillian D.
Format: eBook
Language:English
Language Notes:English.
Published: Oxford ; Malden, MA : Blackwell Pub., ©2006.
Edition:5th ed.
Subjects:
Online Access:Connect to the full text of this electronic book

MARC

Tag First Indicator Second Indicator Subfields
LEADER 00000nam a2200000 a 4500
001 in00005688984
005 20260214235453.1
006 m o d
007 cr cn|||||||||
008 060221s2006 enka ob 001 0 eng d
010 |z  2006006002 
035 |a wil6005422 
035 |a (NhCcYBP)wil6005422 
040 |a NhCcYBP  |b eng  |c NhCcYBP 
020 |a 9780470777602  |q (electronic bk.) 
020 |a 0470777605  |q (electronic bk.) 
020 |a 9780470775110 
020 |a 0470775114 
020 |z 1405144211  |q (pbk. ;  |q alk. paper) 
020 |z 9781405144216  |q (pbk. ;  |q alk. paper) 
020 |a 9786611319359 
020 |a 6611319352 
020 |a 0470764260 
020 |a 9780470764268 
024 7 |a 10.1002/9780470775110  |2 doi 
037 |a 10.1002/9780470775110  |b Wiley InterScience  |n http://www3.interscience.wiley.com 
037 |a 084CB21C-BA2E-44AA-A095-F9CA2826874C  |b OverDrive, Inc.  |n http://www.overdrive.com 
043 |a e-uk--- 
050 4 |a RT82.8  |b .H35 2006eb 
060 4 |a 2006 M-568 
060 4 |a WY 101  |b H2312p 2006 
072 7 |a MED  |x 058140  |2 bisacsh 
072 7 |a MED  |x 058110  |2 bisacsh 
082 0 4 |a 610.7306/92  |2 22  |1 https://id.oclc.org/worldcat/ddc/E388Mj9D4DwpXWYyqTCGMgxt96 
100 1 |a Hampson, Gillian D.  |1 https://id.oclc.org/worldcat/entity/E39PCjxykhRW6986KmBKh3VWtC 
245 1 0 |a Practice nurse handbook /  |c Gillian Hampson. 
250 |a 5th ed. 
260 |a Oxford ;  |a Malden, MA :  |b Blackwell Pub.,  |c ©2006. 
300 |a 1 online resource (vi, 336 pages) :  |b illustrations 
336 |a text  |b txt  |2 rdacontent 
337 |a computer  |b c  |2 rdamedia 
338 |a online resource  |b cr  |2 rdacarrier 
504 |a Includes bibliographical references and index. 
505 0 |a Teamwork in general practice -- General practice nursing -- Practice organisation -- Management of the nurses' rooms -- Nursing treatments and procedures -- Diagnostic and screening tests -- Emergency situations -- Common medical conditions -- Health promotion -- Child health, childhood and adult immunisation -- Travel health -- Sexual health -- Women's health -- Men's health -- Mental health -- Supporting patients with chronic diseases. 
588 0 |a Print version record. 
520 |a There have been major advances in practice nursing in recent years, and a rapid expansion in the role of the practice nurse. The Practice Nurse Handbook is an essential guide to all aspects of clinical practice, health promotion, and practice management, for nurses in general practice. The handbook includes chapters on common medical conditions, screening tests, sexual health, mental health, chronic disease management, travel health, immunisations, and emergency situations. It addresses legal issues, changes in primary care, nurse prescribing and covers key issues in team working. Each chapter contains suggestions for reflection on practice and presents the underlying evidence base. 
546 |a English. 
650 0 |a Nurse practitioners. 
650 0 |a Primary care (Medicine) 
650 0 |a Nurse practitioners  |z Great Britain. 
650 0 |a Nursing. 
650 0 |a Family medicine. 
650 1 2 |a Nursing Care 
650 2 2 |a Family Practice 
650 2 |a Primary Health Care 
655 0 |a Electronic books. 
776 0 8 |i Print version:  |a Hampson, Gillian D.  |t Practice nurse handbook.  |b 5th ed.  |d Oxford ; Malden, MA : Blackwell Pub., ©2006  |w (DLC) 2006006002 
856 4 0 |u http://proxy.library.tamu.edu/login?url=https://onlinelibrary.wiley.com/book/10.1002/9780470775110  |z Connect to the full text of this electronic book  |t 0 
955 |a Wiley EBA record 
975 |p Wiley UBCM Full Collection 
976 |a 6005422 
999 f f |i 38f26f6b-5e99-48c7-844d-16768018cc4b  |s 9b046e0d-ee59-4e01-85ba-44b7a00add50  |t 0 
952 f f |a Texas A&M University  |b College Station  |c Electronic Resources  |s evans_pda  |d Available Online  |t 0  |e RT82.8 .H35 2006eb  |h Library of Congress classification 
998 f f |a RT82.8 .H35 2006eb  |t 0  |l Available Online